000 01316nam a2200241Ii 4500
008 221202s xx 000 0 und d
100 1 _aSpinei, Sebastian,
_eauthor
245 0 _aEvidence in Civil Law - Romania
264 _bInstitute for Local Self-Government and Public Procurement Maribor
_c2015
300 _a1 online resource (31 pages)
336 _atext
_btxt
_2rdacontent
337 _acomputer
_bc
_2rdamedia
338 _aonline resource
_bcr
_2rdacarrier
490 _aLaw & Society
520 _aThis study is offering a review of the most important institutions of the Romanian law of evidence: the fundamental principles of civil procedure, as well as the general principles of evidence taking; an analysis of the various means of evidence, and of the rules regarding the taking of evidence; some specific issues such as the unlawful evidence, the costs, language and translation in the process of the taking of evidence, are also examined.
653 _aAdverse Party
653 _aCivil Procedure
653 _aFundamental Principles
653 _aMeans Of Evidence
653 _aRules Of Evidence
856 _uhttps://docs.google.com/spreadsheets/d/1yKIrdCPDAG_9c22mwoOIO2DOhtj65Wqa/edit?usp=sharing&ouid=106555315294820607512&rtpof=true&sd=true
_yList of Curated E-Books
942 _cE-BOOK
999 _c93405
_d93402